Friends Characters By Picture #4 - Statistics

General Stats
  • This quiz has been taken 141 times
  • The average score is 8 of 16
Answer Stats
Picture Answer % Correct
Tag Jones
90%
Julie
87%
Amy Green
74%
Pete Becker
73%
Eddie Meunuk
66%
Janine Lecroix
59%
Bonnie
56%
Helena Handbasket
48%
Joanna
45%
Sophie
42%
Gary
41%
Isaac
38%
Molly
18%
Theodore Hannigan
8%
Dr Roger
3%
Stu
3%
No matching quizzes found
Score Distribution
Percent of People with Each Score
Percentile by Number Answered
Your Score History
You have not taken this quiz